El señor de las moscas /

Guardado en:
Autor Principal: Golding, William
Formato: Libro
Publicado: Madrid : Planeta, 2002
Materias:
Etiquetas: Agregar Etiqueta
Sin Etiquetas, Sea el primero en etiquetar este registro!
LEADER 00578nam a22002175a 4500
001 CEM.cems013034
005 20081031111724.0
008 130507s2002##################000#0#####d
003 CEMS
020 |a 8467405155 
082 0 4 |a 823.9 
100 1 |a Golding, William 
245 1 0 |a El señor de las moscas /  |c William Golding 
260 |a Madrid :  |b Planeta,  |c 2002 
300 |a 250 p. 
500 |a Premio Nobel 
653 |a Literatura 
653 |a Literatura inglesa 
653 |a Novelas 
653 |a Novela inglesa 
859 |a CEMS  |b BIB. CEMS - 11 de abril  |h 823.9  |i G569  |p 25473.08  |t Ej.1